000
00206 a2200109 4500
020
_a
9781935955597
041
_a
spa
100
_a
Xavier garza
245
_a
Lucha libre sequel
942
_c
BK
952
_7
1
999
_c
22392
_d
22392